00725nam a22001937a 4500008004100000010001500041020002600056035001400082037000900096040001800105050001100123082001100134245014700145260005700292270009300349300002800442700003200470700002900502081216t xxu||||| |||| 00| 0 eng d aENG-140927 c795.00a9788126920396 aEN-124459 aDBAD adplbEnglish  a880.08 a880.08 aRabindranath Tagore on Literature:bTranslation of Tagore' Essay on the Aesthetics of Literature/cTranslated by Mohit K. Ray [and] Rama Kundu aNew Delhi bAtlantic Publishers & Distributorsc2015 a7/22, Ansari Road, Darya GanjbNew Delhi e110002k+91-11-232885873morders@atlantic.com axxii, 262p. c22cm(Hb)  aRay , Mohit K. eTranslated aKundu, Rama eTranslated